[Geometry Dash] Best Boss Fights - Statistics

General Stats
  • This quiz has been taken 24 times
  • The average score is 20 of 100
Answer Stats
Difficulty Creator Answer % Correct
Medium Demon Motleyorc B
89%
Easy Demon RobTop Deadlocked
89%
Easy Demon Voxicat iSpyWithMyLittleEye
89%
Easy Demon Bli Change of Scene
78%
Medium Demon Xender Game Ultra violence
78%
Hard Demon DavJT CraZy
72%
Insane Demon DavJT CraZy II
67%
Insane Demon DavJT CraZy III
67%
Medium Demon YoReid Skeletal Shenanigans
61%
Extreme Demon OddMod Ashley Wave Trials
44%
Medium Demon RobTop Explorers
44%
Normal RobTop Press Start
44%
Medium Demon FunnyGame -sirius-
44%
Insane Demon ScorchVx Magma Bound
33%
Hard Nicki1202 OuterSpace
33%
Easy Bli Rage Quit
33%
Harder GD Jose Gear III
28%
Medium Demon Terron Reanimation
28%
Harder rafer SLAM
28%
Hard Demon Xender Game The Eschaton
28%
Extreme Demon thejshadow Throat of the World
28%
Insane Demon thejshadow Arcturan
22%
Medium Demon AmorAltra BOOM SLAYER
22%
Easy Demon GDTicLos BOSS RUSH
22%
Medium Demon GDTicLos BOSS RUSH 2
22%
Insane Knots Duckstep
22%
Harder ArathhSA Generation Retro
22%
Hard KrmaL Hungry Humphrey
22%
Harder RadiationV2 Magmatic Sanctuary
22%
Medium Demon Serponge MasterGame
22%
Hard Demon HHyper The Mayhem War
22%
Harder RobTop The Secret Hollow
22%
Insane Colon The Sneaky Hollow
22%
Easy Demon 16lord The Towerverse II
22%
Hard Demon 1374 Against the God
17%
Medium Demon Xender Game BOSS 3 Electro
17%
Insane connot BUSSIN
17%
Hard Demon HHyper Experiment 204
17%
Insane Demon Jeyzor Kappa Boss Fight
17%
Extreme Demon KrmaL Low Death
17%
Medium Demon Zejoant Quarion
17%
Normal Serponge Spooky Light
17%
Hard RobTop The Sewer
17%
Hard Demon Manix648 The Yatagarasu
17%
Top 1 zYuko Vehemence
17%
Easy Demon Danzmen Wild West
17%
Insane Grax BER ZER KER
11%
Easy Demon Viprin BUTTON MASHER
11%
Medium Demon Serponge CastleMania
11%
Insane MoistenedEgg Feed Your Grungaus
11%
Hard Demon Manix648 Fusion
11%
Insane Demon Manix648 Fusion II
11%
Insane DesTicY GHOUL
11%
Easy Demon Mylon Horizon
11%
Extreme Demon Knobbelboy Molten Gear
11%
Medium Demon im fernando nandertale
11%
Hard Demon Dolphe Ocellios
11%
Insane Danzmen OMG ALIENS
11%
Easy Demon Dolphe Operation Wasteland
11%
Harder ElMatoSWAG Own Display
11%
Extreme Demon GDSkele Silentlocked
11%
Easy Demon Whirl Sinless Ash
11%
Medium Demon Subwoofer Space Invaders
11%
Hard Demon HHyper Surgeragon
11%
Easy Demon vegtam The Incinerator
11%
Insane Demon thejshadow The Menhir
11%
Insane Wilz zone pirate iv
11%
Normal Serponge AlterRealm
6%
Insane MattewGame Armored Core
6%
Extreme Demon Danzmen Bang Gang
6%
Medium Demon Xender Game Boss 4 Laser Eye
6%
Medium Demon Xender Game Boss V Devourers
6%
Insane qMystic Cats Invasion
6%
Easy Demon Whirl Cheat Codes
6%
Hard Demon HHyper Coreosious
6%
Medium Demon Jorgem1gue7 Dimension
6%
Insane MattewGame Espiazione
6%
Easy Demon Androxma GD Squid Game
6%
Hard Demon TheMilkCat Logodomy
6%
Easy Demon ExtoPlasm Mr CrazyHands
6%
Insane Nico99 Oblivium
6%
Harder Jayuff Odd
6%
Extreme Demon Viprin Ouroboros
6%
Medium Demon AwiXan PixelPath II
6%
Harder vrymer sha
6%
Easy Demon Danzmen Slap Squad
6%
Hard Demon LazerBlitz Spacelocked
6%
Hard Demon MattewGame Tears of Denial
6%
Insane MattewGame The Gungeon
6%
Easy Demon Vilms The Router
6%
Auto MoistenedEgg The Topala Prelude
6%
Hard Demon YoReid The Vermin Queen
6%
Insane Dolphe The Wastelands
6%
Insane PlexifyGD VULKAN
6%
Extreme Demon Moffe Barbaros Finale
0%
Medium Demon VEALT DeepDive
0%
Insane denberZ GalatikuS
0%
Medium Demon ZubwaR Lost Lazors
0%
Medium Demon Whirl The Devourer
0%
Hard Demon Dolphe The Voidlands
0%
No matching quizzes found
Score Distribution
Percent of People with Each Score
Percentile by Number Answered
Your Score History
You have not taken this quiz